A la izquierda del sol
Tallennettuna:
| Päätekijä: | |
|---|---|
| Aineistotyyppi: | Kirja |
| Kieli: | Undetermined |
| Julkaistu: |
San José, Costa Rica
Editorial Costa Rica
1975
|
| Aiheet: | |
| Tagit: |
Lisää tagi
Ei tageja, Lisää ensimmäinen tagi!
|
MARC
| LEADER | 00000nam a2200000Ia 4500 | ||
|---|---|---|---|
| 008 | 170316s9999 xx 000 0 und d | ||
| 040 | |a cru BVZT | ||
| 090 | |a 868 L-6a | ||
| 100 | |a León Sánchez, José | ||
| 245 | 2 | |a A la izquierda del sol | |
| 260 | |a San José, Costa Rica | ||
| 260 | |b Editorial Costa Rica | ||
| 260 | |c 1975 | ||
| 300 | |a 239 páginas | ||
| 650 | |a LITERATURA COSTARRICENSE | ||
| 650 | |a NOVELA | ||
| 942 | |c 15 D | ||
| 999 | |c 11261 |d 11261 | ||
